[Event "NB2 Asztalos csoport"]
[Site "Kaposvar"]
[Date "2024.12.01"]
[Round "3.6"]
[White "Galambos, Tivadar"]
[Black "Zelenak, Donat"]
[Result "1/2-1/2"]
[WhiteElo "1925"]
[BlackElo "1884"]
[PlyCount "78"]
[GameId "2119385722364874"]
[EventDate "2024.11.03"]
[EventType "team-tourn"]
[EventRounds "9"]
[EventCountry "HUN"]
[Source "chess.hu"]
[WhiteTeam "Kaposvari Bastya SE"]
[BlackTeam "MartonVal-Kiralysakk"]
[WhiteTeamCountry "HUN"]
[BlackTeamCountry "HUN"]

1. e4 c6 2. d4 d5 3. exd5 cxd5 4. c4 Nf6 5. Nc3 Nc6 6. Be3 e6 7. c5 Be7 8. a3 O-O 9. b4 a6 10. Nf3 Qc7 11. Na4 Rd8 12. Nb6 Ra7 13. Be2 e5 14. dxe5 Nxe5 15. Nd4 Nfg4 16. Nxc8 Qxc8 17. Bf4 Bf6 18. h3 Nh6 19. Bxh6 gxh6 20. O-O a5 21. Nb5 Ra8 22. Nd6 Qc7 23. Qxd5 axb4 24. a4 b6 25. Nb5 Qxc5 26. Qb3 Rac8 27. Rab1 Rd2 28. Bh5 Bh4 29. g3 Rd3 30. Qxb4 Rxg3+ 31. Kh2 Qxb4 32. Rxb4 Be7 33. Re4 Rg5 34. Bd1 Rc4 35. Rfe1 Rxe4 36. Rxe4 Nc6 37. Rc4 Rc5 38. Rg4+ Rg5 39. Rc4 Rc5 1/2-1/2

[Event "NB2 Asztalos csoport"]
[Site "Kaposvar"]
[Date "2024.12.01"]
[Round "3.7"]
[White "Szabo, Levente Jr."]
[Black "Palavics, Krisztian"]
[Result "1/2-1/2"]
[WhiteElo "1857"]
[BlackElo "1879"]
[PlyCount "47"]
[GameId "2119385759048666"]
[EventDate "2024.11.03"]
[EventType "team-tourn"]
[EventRounds "9"]
[EventCountry "HUN"]
[Source "chess.hu"]
[WhiteTeam "MartonVal-Kiralysakk"]
[BlackTeam "Kaposvari Bastya SE"]
[WhiteTeamCountry "HUN"]
[BlackTeamCountry "HUN"]

1. d4 Nf6 2. Nf3 e6 3. c4 b6 4. Nc3 Bb7 5. e3 Bb4 6. Bd2 O-O 7. Be2 d6 8. Qc2 Nbd7 9. Bd3 e5 10. d5 Nc5 11. e4 Bxc3 12. Bxc3 Qd7 13. O-O Nxd3 14. Qxd3 Qg4 15. Rae1 Nd7 16. Qe3 h6 17. h3 Qh5 18. Nh2 Ba6 19. g4 Qg5 20. Qe2 Rab8 21. Nf3 Qe7 22. Nd2 b5 23. b3 g5 24. Rb1 1/2-1/2

[Event "NB2 Asztalos csoport"]
[Site "Kaposvar"]
[Date "2024.12.01"]
[Round "3.8"]
[White "Makaresz, Ferenc"]
[Black "Samu, Jozsef"]
[Result "1/2-1/2"]
[WhiteElo "1870"]
[BlackElo "1822"]
[PlyCount "77"]
[GameId "2119385798779882"]
[EventDate "2024.11.03"]
[EventType "team-tourn"]
[EventRounds "9"]
[EventCountry "HUN"]
[Source "chess.hu"]
[WhiteTeam "Kaposvari Bastya SE"]
[BlackTeam "MartonVal-Kiralysakk"]
[WhiteTeamCountry "HUN"]
[BlackTeamCountry "HUN"]

1. d4 Nf6 2. h3 g6 3. Bf4 Bg7 4. Nf3 d5 5. e3 O-O 6. Nbd2 c5 7. Be2 Nc6 8. c3 cxd4 9. exd4 Qb6 10. Qb3 Qxb3 11. Nxb3 a6 12. O-O Re8 13. Ne5 Nxe5 14. Bxe5 Nd7 15. Bg3 e5 16. dxe5 Nxe5 17. Bxe5 Bxe5 18. Bf3 Be6 19. Rad1 Red8 20. Rfe1 Bd6 21. Kf1 Bf8 22. Nd4 Rd6 23. Nxe6 fxe6 24. Bg4 Kf7 25. f4 Rad8 26. Bf3 h5 27. g3 b6 28. h4 Be7 29. Kg2 b5 30. Rd3 d4 31. cxd4 Rxd4 32. Rde3 Rd2+ 33. R1e2 Rxe2+ 34. Rxe2 Bf6 35. Kh3 Rd3 36. Kg2 Bd4 37. g4 hxg4 38. Bxg4 Re3 39. Rxe3 1/2-1/2

[Event "NB2 Asztalos csoport"]
[Site "Kaposvar"]
[Date "2024.12.01"]
[Round "3.9"]
[White "Radics, Nora"]
[Black "Mihalecz, Attila"]
[Result "1-0"]
[WhiteElo "1815"]
[BlackElo "1912"]
[PlyCount "55"]
[GameId "2119385843299322"]
[EventDate "2024.11.03"]
[EventType "team-tourn"]
[EventRounds "9"]
[EventCountry "HUN"]
[Source "chess.hu"]
[WhiteTeam "MartonVal-Kiralysakk"]
[BlackTeam "Kaposvari Bastya SE"]
[WhiteTeamCountry "HUN"]
[BlackTeamCountry "HUN"]

1. d4 Nf6 2. f4 d5 3. Nf3 Bg4 4. e3 Nbd7 5. Bd3 e6 6. Nbd2 c5 7. c3 c4 8. Bc2 b5 9. a3 a5 10. e4 dxe4 11. Nxe4 Nb6 12. Nxf6+ gxf6 13. h3 Bh5 14. Qe2 Bd6 15. g4 Bg6 16. f5 O-O 17. fxg6 fxg6 18. O-O Qd7 19. Bh6 Rf7 20. Nd2 f5 21. Rae1 Re8 22. gxf5 gxf5 23. Bxf5 Kh8 24. Bxe6 Qb7 25. Rxf7 Rg8+ 26. Bg7+ Rxg7+ 27. Rxg7 Qxg7+ 28. Qg4 1-0

[Event "NB2 Asztalos csoport"]
[Site "Kaposvar"]
[Date "2024.12.01"]
[Round "3.10"]
[White "Szotak, Laszlo"]
[Black "Kortelyesi, Richard"]
[Result "1-0"]
[WhiteElo "1928"]
[BlackElo "1753"]
[PlyCount "65"]
[GameId "2119385891456010"]
[EventDate "2024.11.03"]
[EventType "team-tourn"]
[EventRounds "9"]
[EventCountry "HUN"]
[Source "chess.hu"]
[WhiteTeam "Kaposvari Bastya SE"]
[BlackTeam "MartonVal-Kiralysakk"]
[WhiteTeamCountry "HUN"]
[BlackTeamCountry "HUN"]

1. e4 c5 2. c3 d6 3. d4 cxd4 4. cxd4 Nf6 5. Nc3 g6 6. Nf3 Bg7 7. Bd3 O-O 8. O-O Bg4 9. h3 Bxf3 10. Qxf3 Nc6 11. Be3 Nd7 12. Ne2 Nb4 13. Bb1 Rc8 14. Nc3 Nb6 15. Rd1 Nc4 16. Qe2 Nxe3 17. fxe3 e5 18. Qb5 Qb6 19. Qxb6 axb6 20. a3 Nc6 21. d5 Na5 22. Bd3 Nc4 23. Bxc4 Rxc4 24. Rac1 Bh6 25. Kf2 f5 26. exf5 Rxf5+ 27. Ke2 Rf7 28. b3 Rc8 29. Ne4 Rcf8 30. Rc4 Rd8 31. Rb4 Rc7 32. Rxb6 Rc2+ 33. Rd2 1-0

[Event "NB2 Asztalos csoport"]
[Site "Kaposvar"]
[Date "2024.12.01"]
[Round "3.11"]
[White "Katona, Gergo"]
[Black "Illes, Attila Dr."]
[Result "1-0"]
[WhiteElo "1757"]
[BlackElo "1919"]
[PlyCount "103"]
[GameId "2119385929126948"]
[EventDate "2024.11.03"]
[EventType "team-tourn"]
[EventRounds "9"]
[EventCountry "HUN"]
[Source "chess.hu"]
[WhiteTeam "MartonVal-Kiralysakk"]
[BlackTeam "Kaposvari Bastya SE"]
[WhiteTeamCountry "HUN"]
[BlackTeamCountry "HUN"]

1. d4 d5 2. f4 Bf5 3. Nf3 Nf6 4. e3 e6 5. Bd3 c6 6. O-O Bd6 7. Nbd2 O-O 8. Ne5 c5 9. Bxf5 exf5 10. c3 Qc7 11. h3 Nc6 12. g4 fxg4 13. hxg4 Nd7 14. Qf3 Nb6 15. g5 f6 16. gxf6 Rxf6 17. Ng4 Rf7 18. Qg2 Kh8 19. Nf3 Be7 20. Nfe5 Nxe5 21. dxe5 Raf8 22. Rf3 Qd7 23. Bd2 Qf5 24. Raf1 c4 25. Rh3 Bc5 26. Kh1 Rd8 27. Rg1 Qg6 28. Nh2 Qxg2+ 29. Rxg2 Be7 30. Nf3 Na4 31. Be1 Nc5 32. Bh4 Ne4 33. Bxe7 Rxe7 34. Nd4 Rf8 35. Nc2 a5 36. Nd4 a4 37. a3 g6 38. Kg1 Rff7 39. Rxg6 Rg7 40. Rxg7 Rxg7+ 41. Kh2 Nd2 42. Ne2 Ne4 43. Rf3 Nd2 44. Rf2 Ne4 45. Rg2 Nc5 46. Ng3 Nd3 47. Kh3 Kg8 48. e6 Kf8 49. f5 Ne5 50. f6 Rg6 51. Nh5 Rh6 52. e7+ 1-0

[Event "NB2 Asztalos csoport"]
[Site "Kaposvar"]
[Date "2024.12.01"]
[Round "3.12"]
[White "Feher, Koppany"]
[Black "Kaszab, Lazar Bonifac"]
[Result "0-1"]
[WhiteElo "1718"]
[BlackElo "1754"]
[PlyCount "88"]
[GameId "2119385968129076"]
[EventDate "2024.11.03"]
[EventType "team-tourn"]
[EventRounds "9"]
[EventCountry "HUN"]
[Source "chess.hu"]
[WhiteTeam "Kaposvari Bastya SE"]
[BlackTeam "MartonVal-Kiralysakk"]
[WhiteTeamCountry "HUN"]
[BlackTeamCountry "HUN"]

1. d4 e6 2. e4 d5 3. e5 c5 4. c3 Nc6 5. Nf3 Qb6 6. Qb3 Qxb3 7. axb3 cxd4 8. cxd4 Bb4+ 9. Bd2 Bxd2+ 10. Nbxd2 Nge7 11. Bb5 O-O 12. O-O Bd7 13. Rfc1 a6 14. Be2 Nf5 15. Bd3 Nfxd4 16. Nxd4 Nxd4 17. f4 Rfc8 18. Rc3 Rc6 19. Rac1 Rac8 20. b4 b5 21. Kf2 f6 22. Ke3 fxe5 23. fxe5 Nf5+ 24. Bxf5 exf5 25. Kd4 Rxc3 26. Rxc3 Rxc3 27. bxc3 Be6 28. g3 g5 29. Nf3 h6 30. Ke3 Kf7 31. h3 g4 32. hxg4 fxg4 33. Nh4 Bd7 34. Kf4 h5 35. Kg5 Ke6 36. Ng6 Be8 37. Kxh5 Kf5 38. Kh6 Bxg6 39. e6 Be8 40. e7 Kf6 41. Kh7 Kxe7 42. Kg7 Ke6 43. Kh6 Ke5 44. Kg5 Bd7 0-1

[Event "NB2 Asztalos csoport"]
[Site "Pecs"]
[Date "2024.12.15"]
[Round "4.1"]
[White "Janoshalmi, Attila"]
[Black "Kele, Karoly"]
[Result "1/2-1/2"]
[WhiteElo "2191"]
[BlackElo "2050"]
[PlyCount "102"]
[GameId "2123389356524438"]
[EventDate "2024.11.03"]
[EventType "team-tourn"]
[EventRounds "9"]
[EventCountry "HUN"]
[Source "chess.hu"]
[WhiteTeam "MartonVal-Kiralysakk"]
[BlackTeam "Karmin PSSE"]
[WhiteTeamCountry "HUN"]
[BlackTeamCountry "HUN"]

1. d4 Nf6 2. Nf3 e6 3. b3 d5 4. Bb2 Nbd7 5. Nbd2 Bd6 6. e3 O-O 7. Bd3 Re8 8. Ne5 Qe7 9. a3 Nf8 10. O-O Bd7 11. f4 c5 12. Qf3 Bc6 13. Kh1 Rac8 14. Nxc6 bxc6 15. e4 dxe4 16. Nxe4 Nxe4 17. Bxe4 cxd4 18. Bxd4 c5 19. Bb2 Rc7 20. Bd3 Ng6 21. g3 Qd8 22. Rad1 Qe7 23. Rfe1 Qf8 24. c4 Rb8 25. Bc2 Rd7 26. Re2 Rdd8 27. h4 Qe7 28. h5 Nf8 29. h6 f6 30. Qg4 Bc7 31. Rde1 Rb6 32. Bc3 Ra6 33. Bb2 Ba5 34. Rf1 Rd2 35. Rxd2 Bxd2 36. Rd1 Ba5 37. Qxg7+ Qxg7 38. hxg7 Kxg7 39. f5 Bc7 40. Kg2 Rd6 41. Rxd6 Bxd6 42. Kf3 Kf7 43. g4 Ke7 44. Bc3 Nd7 45. Ke4 Ne5 46. g5 Nd7 47. Bd2 fxg5 48. Bxg5+ Nf6+ 49. Kf3 h5 50. fxe6 Kxe6 51. Bg6 Be5 1/2-1/2

[Event "NB2 Asztalos csoport"]
[Site "Pecs"]
[Date "2024.12.15"]
[Round "4.2"]
[White "Albrecht, Akos"]
[Black "Remenyi, Szilard"]
[Result "1-0"]
[WhiteElo "2011"]
[BlackElo "2019"]
[PlyCount "67"]
[GameId "2123389402829734"]
[EventDate "2024.11.03"]
[EventType "team-tourn"]
[EventRounds "9"]
[EventCountry "HUN"]
[Source "chess.hu"]
[WhiteTeam "Karmin PSSE"]
[BlackTeam "MartonVal-Kiralysakk"]
[WhiteTeamCountry "HUN"]
[BlackTeamCountry "HUN"]

1. e4 c5 2. Nf3 d6 3. Bb5+ Nd7 4. c3 Ngf6 5. Qe2 a6 6. Ba4 e6 7. O-O b5 8. Bc2 Be7 9. d4 Bb7 10. Bf4 O-O 11. Nbd2 Rc8 12. Bd3 Qb6 13. a4 Bc6 14. axb5 axb5 15. Ra2 Ra8 16. Rfa1 Rxa2 17. Rxa2 h6 18. h3 Qb7 19. Qe3 Ra8 20. Rxa8+ Qxa8 21. Kh2 Bf8 22. Qe2 c4 23. Bc2 Qa1 24. e5 Nd5 25. Bxh6 Nxc3 26. bxc3 gxh6 27. Qe3 Qc1 28. Be4 Bxe4 29. Qxe4 dxe5 30. Qc6 exd4 31. Qxd7 dxc3 32. Ne5 Bg7 33. Qxf7+ Kh7 34. Ne4 1-0

[Event "NB2 Asztalos csoport"]
[Site "Pecs"]
[Date "2024.12.15"]
[Round "4.3"]
[White "Katona, Ferenc"]
[Black "Hrubos, Viktor"]
[Result "1-0"]
[WhiteElo "2106"]
[BlackElo "1943"]
[PlyCount "91"]
[GameId "2123389443220406"]
[EventDate "2024.11.03"]
[EventType "team-tourn"]
[EventRounds "9"]
[EventCountry "HUN"]
[Source "chess.hu"]
[WhiteTeam "MartonVal-Kiralysakk"]
[BlackTeam "Karmin PSSE"]
[WhiteTeamCountry "HUN"]
[BlackTeamCountry "HUN"]

1. d4 Nf6 2. f4 d5 3. Nf3 e6 4. e3 c5 5. c3 Nc6 6. Bd3 Qc7 7. O-O cxd4 8. exd4 Ne4 9. Nbd2 f5 10. Ne5 Nxe5 11. fxe5 h5 12. Be2 g6 13. Nxe4 dxe4 14. Qb3 Bd7 15. Bc4 Qb6 16. Qxb6 axb6 17. Be3 Bh6 18. Bxh6 Rxh6 19. Rad1 g5 20. g3 Ke7 21. d5 Rf8 22. Rd4 b5 23. dxe6 Bc6 24. Bd5 Rxe6 25. Bxe6 Kxe6 26. Rd6+ Kxe5 27. Rg6 g4 28. Rg5 e3 29. Rf4 Be4 30. Kf1 Bf3 31. Rxh5 Rd8 32. Rhxf5+ Ke6 33. Rxf3 gxf3 34. Rxf3 Rd1+ 35. Ke2 Rd2+ 36. Kxe3 Rxh2 37. Rf2 Rh1 38. Kd4 b6 39. Re2+ Kd6 40. Ke4 Rf1 41. g4 Ke6 42. g5 Kf7 43. Kd5 Kg6 44. Re6+ Kxg5 45. Rxb6 Rf5+ 46. Kc6 1-0

[Event "NB2 Asztalos csoport"]
[Site "Pecs"]
[Date "2024.12.15"]
[Round "4.4"]
[White "Toth, David dr."]
[Black "Remenyi, Lajos Jr."]
[Result "1-0"]
[WhiteElo "1987"]
[BlackElo "1965"]
[PlyCount "61"]
[GameId "2123389486367686"]
[EventDate "2024.11.03"]
[EventType "team-tourn"]
[EventRounds "9"]
[EventCountry "HUN"]
[Source "chess.hu"]
[WhiteTeam "Karmin PSSE"]
[BlackTeam "MartonVal-Kiralysakk"]
[WhiteTeamCountry "HUN"]
[BlackTeamCountry "HUN"]

1. d4 Nf6 2. c4 g6 3. Nc3 d5 4. cxd5 Nxd5 5. e4 Nxc3 6. bxc3 Bg7 7. Nf3 c5 8. h3 Nc6 9. Be3 O-O 10. Be2 b6 11. O-O Bb7 12. Rc1 cxd4 13. cxd4 Rc8 14. d5 Ne5 15. Nxe5 Bxe5 16. f4 Rxc1 17. Qxc1 Bg7 18. Rd1 Qd7 19. Qd2 Qa4 20. Bf3 Rc8 21. Rc1 Rxc1+ 22. Qxc1 Bd4 23. Bxd4 Qxd4+ 24. Kh2 Qc5 25. Qd2 Qc7 26. e5 Qd7 27. Qd4 h5 28. Kg3 b5 29. Qxa7 g5 30. fxg5 Qf5 31. Qe3 1-0

[Event "NB2 Asztalos csoport"]
[Site "Pecs"]
[Date "2024.12.15"]
[Round "4.5"]
[White "Szabo, Levente"]
[Black "Pinter, Szabolcs Peter"]
[Result "1/2-1/2"]
[WhiteElo "1913"]
[BlackElo "1841"]
[PlyCount "63"]
[GameId "2123389856490598"]
[EventDate "2024.11.03"]
[EventType "team-tourn"]
[EventRounds "9"]
[EventCountry "HUN"]
[Source "chess.hu"]
[WhiteTeam "MartonVal-Kiralysakk"]
[BlackTeam "Karmin PSSE"]
[WhiteTeamCountry "HUN"]
[BlackTeamCountry "HUN"]

1. d4 Nf6 2. Nf3 g6 3. c4 Bg7 4. Nc3 O-O 5. e4 d6 6. Be2 e5 7. d5 a5 8. O-O Na6 9. h3 Nc5 10. Qc2 Nh5 11. Na4 Nxa4 12. Qxa4 Nf4 13. Qc2 Nxe2+ 14. Qxe2 f5 15. a4 fxe4 16. Qxe4 Bf5 17. Qe3 Qf6 18. Nh2 b6 19. Bd2 Rf7 20. Ra3 Raf8 21. b4 axb4 22. Bxb4 Qh4 23. g4 Bd7 24. Qg3 Qd8 25. Bd2 e4 26. f4 exf3 27. Nxf3 Qe7 28. Re1 Qf6 29. Bc1 Bxa4 30. Ng5 Qd4+ 31. Be3 Qxc4 32. Nxf7 1/2-1/2

[Event "NB2 Asztalos csoport"]
[Site "Pecs"]
[Date "2024.12.15"]
[Round "4.6"]
[White "Katona, Peter"]
[Black "Csernyiczky, Laszlo"]
[Result "1-0"]
[WhiteElo "1908"]
[BlackElo "1971"]
[PlyCount "45"]
[GameId "2123389801342038"]
[EventDate "2024.11.03"]
[EventType "team-tourn"]
[EventRounds "9"]
[EventCountry "HUN"]
[Source "chess.hu"]
[WhiteTeam "Karmin PSSE"]
[BlackTeam "MartonVal-Kiralysakk"]
[WhiteTeamCountry "HUN"]
[BlackTeamCountry "HUN"]

1. e4 e5 2. Nf3 Nc6 3. Bb5 Nf6 4. O-O Nxe4 5. Bxc6 dxc6 6. d4 Be7 7. Re1 Nf6 8. Nxe5 O-O 9. c4 Re8 10. Nc3 Be6 11. Be3 Bd6 12. f4 Bxe5 13. fxe5 Ng4 14. Bf4 Qh4 15. Bg3 Qg5 16. Ne4 Qg6 17. d5 Rad8 18. Nc5 cxd5 19. Nxb7 Rb8 20. cxd5 Rxb7 21. dxe6 Qxe6 22. Qd4 f6 23. exf6 1-0

[Event "NB2 Asztalos csoport"]
[Site "Pecs"]
[Date "2024.12.15"]
[Round "4.7"]
[White "Zelenak, Donat"]
[Black "Nagy, Peter"]
[Result "1/2-1/2"]
[WhiteElo "1884"]
[BlackElo "1857"]
[PlyCount "41"]
[GameId "2123389745259570"]
[EventDate "2024.11.03"]
[EventType "team-tourn"]
[EventRounds "9"]
[EventCountry "HUN"]
[Source "chess.hu"]
[WhiteTeam "MartonVal-Kiralysakk"]
[BlackTeam "Karmin PSSE"]
[WhiteTeamCountry "HUN"]
[BlackTeamCountry "HUN"]

1. Nf3 Nf6 2. d4 e6 3. e3 c5 4. Bd3 d5 5. b3 Be7 6. Nbd2 O-O 7. Bb2 Nc6 8. a3 a6 9. O-O b5 10. c4 Rb8 11. cxd5 Qxd5 12. Qe2 cxd4 13. exd4 Rd8 14. Rfd1 Bb7 15. Rac1 Rbc8 16. Bb1 Qh5 17. Ne4 Nxe4 18. Bxe4 Na5 19. Bxb7 Nxb7 20. a4 Bf6 21. Kf1 1/2-1/2

[Event "NB2 Asztalos csoport"]
[Site "Pecs"]
[Date "2024.12.15"]
[Round "4.8"]
[White "Feher, Laszlo"]
[Black "Szabo, Levente Jr."]
[Result "1/2-1/2"]
[WhiteElo "1752"]
[BlackElo "1857"]
[PlyCount "39"]
[GameId "2123389702992918"]
[EventDate "2024.11.03"]
[EventType "team-tourn"]
[EventRounds "9"]
[EventCountry "HUN"]
[Source "chess.hu"]
[WhiteTeam "Karmin PSSE"]
[BlackTeam "MartonVal-Kiralysakk"]
[WhiteTeamCountry "HUN"]
[BlackTeamCountry "HUN"]

1. e4 d5 2. exd5 Nf6 3. d4 Nxd5 4. c4 Nf6 5. Nc3 c6 6. d5 e6 7. Bg5 h6 8. Bxf6 Qxf6 9. Qb3 Bc5 10. Nf3 exd5 11. cxd5 O-O 12. Be2 Re8 13. O-O Nd7 14. Rad1 a6 15. Qc2 cxd5 16. Nxd5 Qc6 17. Bc4 Nb6 18. Nxb6 Bxb6 19. Qb3 Be6 20. Bxe6 1/2-1/2

[Event "NB2 Asztalos csoport"]
[Site "Pecs"]
[Date "2024.12.15"]
[Round "4.9"]
[White "Csordas, Peter"]
[Black "Lang, Bence"]
[Result "1-0"]
[WhiteElo "1895"]
[BlackElo "1755"]
[PlyCount "61"]
[GameId "2123389666182150"]
[EventDate "2024.11.03"]
[EventType "team-tourn"]
[EventRounds "9"]
[EventCountry "HUN"]
[Source "chess.hu"]
[WhiteTeam "MartonVal-Kiralysakk"]
[BlackTeam "Karmin PSSE"]
[WhiteTeamCountry "HUN"]
[BlackTeamCountry "HUN"]

1. e4 c5 2. Nf3 e6 3. d4 cxd4 4. Nxd4 a6 5. Bd3 Nc6 6. c3 Qc7 7. O-O Nf6 8. Kh1 Be7 9. f4 O-O 10. Nd2 b5 11. a3 Bb7 12. Qe2 Rac8 13. N2f3 d5 14. e5 Nd7 15. Be3 Na5 16. Bf2 Nc4 17. Bg3 Nc5 18. Bb1 Rfe8 19. f5 Qb6 20. b3 Nxb3 21. Nxb3 Nxa3 22. fxe6 fxe6 23. Bf2 Qc7 24. Bd4 a5 25. Bd3 a4 26. Nbd2 Nc4 27. Qe1 Ra8 28. Qg3 Qd8 29. Qh3 h6 30. Qxe6+ Kh8 31. Qg6 1-0

[Event "NB2 Asztalos csoport"]
[Site "Szentlorinc"]
[Date "2024.12.15"]
[Round "4.1"]
[White "Veress, Robert"]
[Black "Meszaros, Gyula"]
[Result "0-1"]
[WhiteElo "2153"]
[BlackElo "2300"]
[PlyCount "40"]
[GameId "2123716847988915"]
[EventDate "2024.11.03"]
[EventType "team-tourn"]
[EventRounds "9"]
[EventCountry "HUN"]
[Source "chess.hu"]
[WhiteTeam "Kaposvari Bastya SE"]
[BlackTeam "Szentlorinc SE"]
[WhiteTeamCountry "HUN"]
[BlackTeamCountry "HUN"]

1. d4 e6 2. c4 b6 3. e4 Bb4+ 4. Bd2 Bxd2+ 5. Qxd2 d6 6. Nc3 Ne7 7. Nf3 Nd7 8. Bd3 e5 9. d5 Nc5 10. Bc2 a5 11. h3 O-O 12. O-O-O Bd7 13. Nh2 f5 14. f3 fxe4 15. Bxe4 Nf5 16. Kb1 Ng3 17. Rhe1 Qh4 18. Nf1 Ngxe4 19. Nxe4 Nxe4 20. fxe4 Rf2 0-1

[Event "NB2 Asztalos csoport"]
[Site "Szentlorinc"]
[Date "2024.12.15"]
[Round "4.2"]
[White "Bihercz, Gabor"]
[Black "Kadlicsko, Jozsef"]
[Result "1-0"]
[WhiteElo "2208"]
[BlackElo "2009"]
[PlyCount "69"]
[GameId "2123716897161411"]
[EventDate "2024.11.03"]
[EventType "team-tourn"]
[EventRounds "9"]
[EventCountry "HUN"]
[Source "chess.hu"]
[WhiteTeam "Szentlorinc SE"]
[BlackTeam "Kaposvari Bastya SE"]
[WhiteTeamCountry "HUN"]
[BlackTeamCountry "HUN"]

1. d4 Nf6 2. Nc3 d5 3. Bf4 e6 4. Nb5 Na6 5. e3 c6 6. Nc3 Bd6 7. Bxa6 bxa6 8. Nf3 O-O 9. Na4 Ne4 10. Ne5 Bxe5 11. Bxe5 f6 12. Bg3 Rf7 13. c3 a5 14. Qd3 Qe7 15. f3 Nxg3 16. hxg3 g6 17. O-O-O Rb8 18. Nc5 e5 19. Rhe1 Qc7 20. g4 Qb6 21. Rd2 Qc7 22. e4 Qd6 23. Qe3 exd4 24. Qxd4 Rb5 25. Nd3 Bd7 26. a4 Rb8 27. Nc5 Re8 28. Red1 f5 29. gxf5 gxf5 30. exd5 Qh6 31. d6 Re2 32. Nxd7 Rxd7 33. Qc4+ Re6 34. f4 Kg7 35. Qxc6 1-0

[Event "NB2 Asztalos csoport"]
[Site "Szentlorinc"]
[Date "2024.12.15"]
[Round "4.3"]
[White "Ronga, Attila"]
[Black "Bene, Zoltan"]
[Result "1/2-1/2"]
[WhiteElo "2081"]
[BlackElo "2136"]
[PlyCount "139"]
[GameId "2123717382328680"]
[EventDate "2024.11.03"]
[EventType "team-tourn"]
[EventRounds "9"]
[EventCountry "HUN"]
[Source "chess.hu"]
[WhiteTeam "Kaposvari Bastya SE"]
[BlackTeam "Szentlorinc SE"]
[WhiteTeamCountry "HUN"]
[BlackTeamCountry "HUN"]

1. b3 c5 2. Bb2 d5 3. e3 Nc6 4. Bb5 Nf6 5. Nf3 e6 6. Bxc6+ bxc6 7. Ne5 Qc7 8. f4 Ba6 9. d3 Be7 10. Nd2 O-O 11. O-O Rad8 12. Rf3 d4 13. e4 Bd6 14. Rh3 Bxe5 15. fxe5 Qxe5 16. Nf3 Qc7 17. Bc1 e5 18. Bg5 Qd6 19. Nh4 Bc8 20. Rf3 Ng4 21. Bxd8 Rxd8 22. Qd2 Qe7 23. g3 Nh6 24. Nf5 Bxf5 25. exf5 f6 26. h3 Re8 27. Re1 Qd7 28. g4 Nf7 29. h4 Qd5 30. Qf2 h6 31. Rg3 Qd7 32. Kh2 Re7 33. Qf3 Nd6 34. Rg2 Nf7 35. Reg1 Qd5 36. Qxd5 cxd5 37. Re1 e4 38. Kg3 Re5 39. Rge2 Nd6 40. Kf4 e3 41. c4 dxc4 42. bxc4 h5 43. Rb1 hxg4 44. Kxg4 Kh7 45. Rf1 Nxc4 46. dxc4 d3 47. Rb2 d2 48. Rg1 e2 49. Rxd2 e1=Q 50. Rxe1 Rxe1 51. Rd7 Re4+ 52. Kg3 a5 53. Ra7 Rxc4 54. Rxa5 Rc1 55. Ra8 c4 56. Rc8 c3 57. a4 Rg1+ 58. Kf2 Rc1 59. a5 Ra1 60. Rxc3 Rxa5 61. Rf3 Kh6 62. Rf4 Kh5 63. Kg3 Ra1 64. Kg2 Rc1 65. Rd4 Rc3 66. Rf4 Rd3 67. Rc4 Kh6 68. Rf4 Kh7 69. Rc4 Re3 70. Rb4 1/2-1/2

[Event "NB2 Asztalos csoport"]
[Site "Szentlorinc"]
[Date "2024.12.15"]
[Round "4.4"]
[White "Tompos, Antal"]
[Black "Galambos, Tivadar"]
[Result "1-0"]
[WhiteElo "2159"]
[BlackElo "1925"]
[PlyCount "57"]
[GameId "2123717344436568"]
[EventDate "2024.11.03"]
[EventType "team-tourn"]
[EventRounds "9"]
[EventCountry "HUN"]
[Source "chess.hu"]
[WhiteTeam "Szentlorinc SE"]
[BlackTeam "Kaposvari Bastya SE"]
[WhiteTeamCountry "HUN"]
[BlackTeamCountry "HUN"]

1. d4 Nf6 2. Nc3 d6 3. e4 g6 4. f4 Bg7 5. Nf3 c6 6. Bd3 Na6 7. a3 Nc7 8. Be3 a6 9. Qd2 b5 10. h3 Bb7 11. O-O O-O 12. f5 Nd7 13. Bh6 c5 14. Bxg7 Kxg7 15. b3 cxd4 16. Ne2 Nc5 17. Ng3 e5 18. Nh2 f6 19. fxg6 hxg6 20. Ng4 Rh8 21. Rxf6 N7e6 22. Raf1 Nf4 23. R1xf4 exf4 24. Qxf4 Nd7 25. Nf5+ Kg8 26. Nfh6+ Rxh6 27. Nxh6+ Kg7 28. Rf7+ Kh8 29. Qxd6 1-0

[Event "NB2 Asztalos csoport"]
[Site "Szentlorinc"]
[Date "2024.12.15"]
[Round "4.5"]
[White "Palavics, Krisztian"]
[Black "Kohalmi, Endre Jr."]
[Result "1-0"]
[WhiteElo "1879"]
[BlackElo "2020"]
[PlyCount "101"]
[GameId "2123717295292744"]
[EventDate "2024.11.03"]
[EventType "team-tourn"]
[EventRounds "9"]
[EventCountry "HUN"]
[Source "chess.hu"]
[WhiteTeam "Kaposvari Bastya SE"]
[BlackTeam "Szentlorinc SE"]
[WhiteTeamCountry "HUN"]
[BlackTeamCountry "HUN"]

1. e4 e6 2. d4 d5 3. Nd2 Nf6 4. e5 Nfd7 5. c3 c5 6. f4 Nc6 7. Ngf3 cxd4 8. cxd4 Qb6 9. Nb3 a5 10. a4 Be7 11. Bb5 O-O 12. O-O Nb4 13. Bd2 Nb8 14. Bxb4 Bxb4 15. Qd3 g6 16. Rfc1 Bd7 17. Nc5 Bxb5 18. axb5 Bxc5 19. dxc5 Qc7 20. Rc3 Nd7 21. b6 Qd8 22. Qb5 f6 23. Rxa5 Rxa5 24. Qxa5 fxe5 25. fxe5 Rf5 26. c6 Nxe5 27. c7 Nxf3+ 28. Rxf3 Qc8 29. Rxf5 gxf5 30. Qc5 Kf7 31. Qd6 Ke8 32. Kf2 Qd7 33. Qe5 Ke7 34. Qh8 Qa4 35. c8=Q Qf4+ 36. Ke2 Qe4+ 37. Kd2 Qf4+ 38. Kc3 Qe3+ 39. Kc2 Qe2+ 40. Kb1 Qe1+ 41. Qc1 Qe4+ 42. Qc2 Qe1+ 43. Ka2 Qa5+ 44. Kb3 Qxb6+ 45. Kc3 Qe3+ 46. Qd3 Qc5+ 47. Kd2 Qf2+ 48. Kd1 Qg1+ 49. Kc2 Qf2+ 50. Qd2 Qc5+ 51. Qhc3 1-0

[Event "NB2 Asztalos csoport"]
[Site "Szentlorinc"]
[Date "2024.12.15"]
[Round "4.6"]
[White "Boros, Koppany"]
[Black "Makaresz, Ferenc"]
[Result "1/2-1/2"]
[WhiteElo "2154"]
[BlackElo "1870"]
[PlyCount "82"]
[GameId "2123717242310966"]
[EventDate "2024.11.03"]
[EventType "team-tourn"]
[EventRounds "9"]
[EventCountry "HUN"]
[Source "chess.hu"]
[WhiteTeam "Szentlorinc SE"]
[BlackTeam "Kaposvari Bastya SE"]
[WhiteTeamCountry "HUN"]
[BlackTeamCountry "HUN"]

1. e3 d5 2. Nf3 Nf6 3. b3 g6 4. Bb2 Bg7 5. Be2 Nbd7 6. g4 O-O 7. g5 Ne4 8. Bxg7 Kxg7 9. d3 Nd6 10. Nc3 c6 11. h4 Qa5 12. Qd2 a6 13. d4 Nb5 14. Nxb5 Qxd2+ 15. Kxd2 axb5 16. c4 bxc4 17. bxc4 dxc4 18. Bxc4 b5 19. Bb3 Bb7 20. e4 e6 21. Rhc1 Rfc8 22. a4 bxa4 23. Rxa4 c5 24. Rxa8 Bxa8 25. Kd3 Bb7 26. Ra1 cxd4 27. Kxd4 e5+ 28. Nxe5 Nxe5 29. Kxe5 Re8+ 30. Kd6 Rxe4 31. Ra7 Rb4 32. Ba2 h6 33. Kc5 Rb2 34. gxh6+ Kxh6 35. Bxf7 Kh5 36. f4 Be4 37. Kd4 Bf5 38. Ra6 Rg2 39. Bd5 Rd2+ 40. Ke5 Kxh4 41. Bf7 Re2+ 1/2-1/2